000 00292nam a22001337a 4500
008 170203b xxu||||| |||| 00| 0 eng d
020 _a9781609133603
041 _aeng
080 _23RD
_a61
100 _a3
101 _aSHM
245 _aSTEP-UP TO MEDICINE
_cAGABEGI, S.S
942 _2udc
_cBK
999 _c4405
_d4405